Top 150 (Record no. 80638)
[ view plain ]
| 000 -LEADER | |
|---|---|
| fixed length control field | 00946cab a22001935a 4500 |
| 001 - CONTROL NUMBER | |
| control field | L144911 |
| 008 - FIXED-LENGTH DATA ELEMENTS--GENERAL INFORMATION | |
| fixed length control field | 080820e20080725XXKdo f s 000 0 eng u |
| 035 ## - SYSTEM CONTROL NUMBER | |
| System control number | (Sirsi) u144911 |
| 041 0# - LANGUAGE CODE | |
| Language code of text/sound track or separate title | eng |
| 100 1# - MAIN ENTRY--PERSONAL NAME | |
| Personal name | Hewes, Martin |
| 245 00 - TITLE STATEMENT | |
| Title | Top 150 |
| Remainder of title | Hold on tight... |
| 260 ## - PUBLICATION, DISTRIBUTION, ETC. | |
| Date of publication, distribution, etc. | 2008 |
| 490 #0 - SERIES STATEMENT | |
| Series statement | Building |
| Volume/sequential designation | supplement 25 July 2008, (23) |
| 520 ## - SUMMARY, ETC. | |
| Summary, etc. | Contains rankings tables for the past year. Includes top 150 contractors and housebuilders by turnover and pre-tax profit; top 50 contractors by contracting turnover, contracting operating profit and operating margin; top 25 facilities management contractors by turnover; top 25 housebuilders by housing turnover, housing operating profit, operating margin and sales/completions; and top 100 contractors and housebuilders by highest-paid director and employees' average pay. |
| 651 #4 - SUBJECT ADDED ENTRY--GEOGRAPHIC NAME | |
| Geographic name | United Kingdom |
| Chronological subdivision | |
| 690 ## - LOCAL SUBJECT ADDED ENTRY--TOPICAL TERM (OCLC, RLIN) | |
| Topical term or geographic name as entry element | Construction management |
| 9 (RLIN) | 6230 |
| 700 1# - ADDED ENTRY--PERSONAL NAME | |
| Personal name | Leftly, Mark |
| 942 ## - ADDED ENTRY ELEMENTS (KOHA) | |
| Suppress in OPAC | 0 |
| Withdrawn status | Lost status | Source of classification or shelving scheme | Damaged status | Not for loan | Home library | Current library | Shelving location | Date acquired | Total Checkouts | Full call number | Barcode | Date last seen | Copy number | Price effective from | Koha item type |
|---|---|---|---|---|---|---|---|---|---|---|---|---|---|---|---|
| Dewey Decimal Classification | London | London | Journal article | 20/08/2008 | L144911 | 30071255 | 06/08/2019 | 1 | 06/08/2019 | Journal article |